000 00636nam a2200217 i 4500
001 bg
100 1 _aDOLIŃSKI, Dariusz
245 1 0 _aPsychologiczne mechanizmy reklamy /
_cDariusz Doliński.
260 _aGdańsk :
_bGdańskie Wydaw. Psychologiczne,
_c2003.
300 _a256 s. :
_bil. ;
_c24 cm.
504 _aBibliogr. Indeksy.
650 9 _aReklama
_xpsychologia
020 _a8389120666
040 _cBPK
041 0 _apol
080 _a659.1:159.9
920 _a83-89120-66-6
942 _cKS
008 s pl f |000 0 pol
999 _c43771
_d43771
856 _uhttp://koha.tu.koszalin.pl/cgi-bin/koha/opac-detail.pl?biblionumber=43771
_yKatalog online BPK